000 00373nam a22001457a 4500
003 OSt
005 20240917123133.0
008 240917s2001 ag ||||| |||| 00| 0 spa d
020 _a3822808660
040 _cbesoc
100 _aDeimling, Barbara
_eautor
245 _aBotticelli
_cBarbara Deimling
260 _aLondres, Madrid, Paris, Tokyo:
_bTaschen
_c2001
942 _2udc
_cOG
_n0
999 _c322
_d322